| 000 | 01075nac a22002891u 4500 | ||
|---|---|---|---|
| 010 | _a 94040240 | ||
| 020 | _a0471949221 (cl) | ||
| 020 | _a0471955337 (pbk) | ||
| 082 | 0 | 0 |
_a307.76 _bH4348 |
| 090 |
_c4495 _d4495 |
||
| 100 | _aHealy, Patsy [ed.] | ||
| 245 | 0 | 0 |
_aManaging cities : _bthe new urban context / _cedited by Patsy Healey ... [et al.]. |
| 260 |
_aChichester ; _aNew York : _bJ. Wiley, _c1995. |
||
| 300 |
_ax, 322 p. : _bill., maps ; _c24 cm. |
||
| 500 | _aPapers from a seminar held in March 1993. | ||
| 504 | _aIncludes bibliographical references (p. [291]-317) and index. | ||
| 650 | 0 |
_aUrban policy _xCongresses. |
|
| 650 | 0 |
_aCity planning _xCongresses. |
|
| 650 | 0 |
_aMunicipal government _xCongresses. |
|
| 650 | 0 |
_aCities and towns _xCongresses. |
|
| 700 | 1 | _aCameron, Stuart. | |
| 700 | 1 | _aDavoudi, Simin. | |
| 700 | 1 | _aGraham, Stephen. | |
| 700 | 1 | _aMadani-Pour, Ali. | |
| 942 |
_cBB _k307.76H4348 |
||
| 999 |
_c4495 _d4495 |
||